Les barbares (Record no. 78725)

MARC details
000 -LEADER
campo de control de longitud fija 00648nam a2200205 i 4500
001 - NÚMERO DE CONTROL
campo de control 78725
003 - IDENTIFICADOR DE NÚMERO DE CONTROL
campo de control ES-MaACL
005 - FECHA Y HORA DE LA ÚLTIMA TRANSACCIÓN
campo de control 20230906173808.0
007 - CAMPO FIJO DE DESCRIPCIÓN FÍSICA--INFORMACIÓN GENERAL
campo de control de longitud fija t|
008 - DATOS DE LONGITUD FIJA--INFORMACIÓN GENERAL
campo de control de longitud fija 041015s1948 fr ||||1| fre d
100 1# - ENTRADA PRINCIPAL--NOMBRE DE PERSONA
Nombre de persona Halphen, Louis.
9 (RLIN) 61625
245 14 - MENCIÓN DEL TÍTULO
Título Les barbares
Resto del título : des grandes invasions aux conquêtes turques du XI siècle /
Mención de responsabilidad, etc. par Louis Halphen.
250 ## - MENCION DE EDICION
Mención de edición 5e éd. rev. et corr.
260 ## - PUBLICACIÓN, DISTRIBUCIÓN, ETC.
Lugar de publicación, distribución, etc. Paris :
Nombre del editor, distribuidor, etc. Presses Universitaires de France,
Fecha de publicación, distribución, etc. 1948.
300 ## - DESCRIPCIÓN FÍSICA
Extensión 460 p. ;
Dimensiones 23 cm.
490 1# - MENCIÓN DE SERIE
Mención de serie Peuples et civilisations
830 0# - PUNTO DE ACCESO ADICIONAL DE SERIE-TÍTULO UNIFORME
Título uniforme Peuples et civilisations
9 (RLIN) 183588
852 ## - LOCALIZACIÓN
Ubicación ES-MaACL
Número de control de estantería C-32702
Sublocalización o colección R.63519
Holdings
Estatus retirado Estado de pérdida Estado de daño No para préstamo Biblioteca de origen Biblioteca actual Ubicación en estantería Fecha de adquisición Fuente de adquisición Total de préstamos Signatura topográfica completa Código de barras Visto por última vez Precio de reemplazo Tipo de ítem Koha
        Biblioteca del Ateneo de Madrid Biblioteca del Ateneo de Madrid Depósito 2 17/01/2008     C-32702 1082336 23/02/2023 23/02/2023 Libro impreso